Library Banner

Tarekh ilam fiqah = تاریخ علم فقہ / (Record no. 133439)

MARC details
000 -LEADER
fixed length control field 00494nam a22001457a 4500
005 - DATE AND TIME OF LATEST TRANSACTION
control field 20240314104405.0
008 - FIXED-LENGTH DATA ELEMENTS--GENERAL INFORMATION
fixed length control field 240314b ||||| |||| 00| 0 eng d
040 ## - CATALOGING SOURCE
Transcribing agency PK-LaUMT
082 ## - DEWEY DECIMAL CLASSIFICATION NUMBER
Classification number APC 297.1409
Item number AME-T
100 ## - MAIN ENTRY--PERSONAL NAME
Personal name Ameem ul Ehsan, Muhammad = عمیم الاحسان، محمد
245 ## - TITLE STATEMENT
Title Tarekh ilam fiqah = تاریخ علم فقہ /
Statement of responsibility, etc by Muhammad Ameem ul Ehsan = محمد عمیم الاحسان
260 ## - PUBLICATION, DISTRIBUTION, ETC. (IMPRINT)
Place of publication, distribution, etc Dehli :
Name of publisher, distributor, etc Maktabah Burhan,
Date of publication, distribution, etc 1955
300 ## - PHYSICAL DESCRIPTION
Extent 177 p.
942 ## - ADDED ENTRY ELEMENTS (KOHA)
Koha item type Books
Holdings
Withdrawn status Lost status Damaged status Home library Current library Date acquired Full call number Barcode Date last seen Price effective from Koha item type
      UMT Main Campus UMT Main Campus 2024-03-14 APC 297.1409 AME-T 146333 2024-03-14 2024-03-14 Books